Schaum's outline of theory and problems of beginning linear algebra /

Gardado en:
Detalles Bibliográficos
Autor Principal: Lipschutz, Seymour.
Formato: Libro
Idioma:English
Publicado: New York : McGraw-Hill, 1997.
Những chủ đề:
Các nhãn: Engadir etiqueta
Sen Etiquetas, Sexa o primeiro en etiquetar este rexistro!
Thư viện lưu trữ: Mạng thư viện Đại học Đà Nẵng
LEADER 01164cam a2200349 i 4500
001 000046023
003 5289
005 20030214144820.0
008 010220|1997 vm 000 eng
020 |a 0070380376 (pbk.) 
040 |a IRC  |c IRC  |d IRC 
041 0 |a eng 
082 1 4 |a 512.5076  |b LI-S 
100 1 |a Lipschutz, Seymour. 
245 0 0 |a Schaum's outline of theory and problems of beginning linear algebra /  |c Seymour Lipschutz. 
260 |a New York :  |b McGraw-Hill,  |c 1997. 
300 |a vi, 473p. :  |b ill. 
630 0 4 |a Mathematics. 
650 0 4 |a Algebras, Linear  |x Outlines, syllabi. etc. 
650 0 4 |a Algebras, Linear  |x Problems, exercises, etc. 
OWN |a DUT 
AVA |a UDN50  |b DUT  |c Book  |d 512.5076 LI-S  |e available  |t Error 5001 Not defined in file expand_doc_bib_avail.  |f 1  |g 0  |h N  |i 0  |j SH  |k 1 
999 |a From the UDN01 
AVA |a UDN50  |b DUT  |c Book  |d 512.5076 LI-S  |e available  |t Error 5001 Not defined in file expand_doc_bib_avail.  |f 1  |g 0  |h N  |i 0  |j SH  |k 1 
TYP |a Monograph 
TYP |a Printed language 
980 |a Mạng thư viện Đại học Đà Nẵng